Bramkarze reprezentacji Polski - Statystyki

Ogólne statystyki
  • Ten quiz został rozwiązany 3 298 razy
  • Średni wynik to 5 z 12
Statystyki odpowiedzi
Bramkarz Występy % Poprawnych
Wojciech Szczęsny 84
99%
Lukasz Fabianski 56
89%
Lukasz Skorupski 11
85%
Jerzy Dudek 55
76%
Artur Boruc 65
68%
Przemyslaw Tyton 14
42%
Tomasz Kuszczak 11
25%
Radoslaw Majdan 6
15%
Wojciech Kowalewski 11
10%
Adam Matysek 5
9%
Grzegorz Szamotulski 4
4%
Sebastian Przyrowski 9
3%
Nie znaleziono quizów pasujących do podanych kryteriów
Rozkład punktacji
Procent ludzi z każdym wynikiem
Percentyl według liczby udzielonych odpowiedzi
Twoja historia wyników
Nie rozwiązałeś tego quizu